Quality declared seed system : Expert consultation Rome, 5 - 7 May 2003/FAO seed and plant genetic resources service
Guardat en:
| Format: | Llibre |
|---|---|
| Idioma: | Undetermined |
| Publicat: |
Rome
FAO
2006
|
| Matèries: | |
| Etiquetes: |
Afegir etiqueta
Sense etiquetes, Sigues el primer a etiquetar aquest registre!
|
| Thư viện lưu trữ: | Trung tâm Học liệu Trường Đại học Cần Thơ |
|---|
| LEADER | 00487nam a2200169Ia 4500 | ||
|---|---|---|---|
| 001 | CTU_108504 | ||
| 008 | 210402s9999 xx 000 0 und d | ||
| 082 | |a 631.521 | ||
| 082 | |b Q1 | ||
| 245 | 0 | |a Quality declared seed system : | |
| 245 | 0 | |b Expert consultation Rome, 5 - 7 May 2003/FAO seed and plant genetic resources service | |
| 260 | |a Rome | ||
| 260 | |b FAO | ||
| 260 | |c 2006 | ||
| 650 | |a Seed crops | ||
| 904 | |i Minh | ||
| 980 | |a Trung tâm Học liệu Trường Đại học Cần Thơ | ||